Organizačná štruktúra a deľba rozhodovacích právomocí v Miba Sinter Slovakia, s.r.o. diplomová práca

Saved in:
Bibliographic Details
Main Author: Gallová, Silvia
Corporate Author: Fakulta podnikového manažmentu EU. Katedra manažmentu
Other Authors: Záležáková, Eliška
Format: Book
Language:Slovak
Published: Bratislava 2008
Tags: Add Tag
No Tags, Be the first to tag this record!

MARC

LEADER 00000nam$a2200000$$$4500
001 0086538
005 20240201115911.2
041 0 |a slo 
044 |a SK 
245 1 0 |a Organizačná štruktúra a deľba rozhodovacích právomocí v Miba Sinter Slovakia, s.r.o.  |b diplomová práca  |c Silvia Gallová ; škol. Eliška Záležáková 
264 1 |a Bratislava  |c 2008 
300 |a 76 s. 
100 1 |a Gallová, Silvia 
700 1 |a Záležáková, Eliška 
710 2 |a Fakulta podnikového manažmentu EU. Katedra manažmentu